000
00303nam a2200109Ia 4500
008
200302s9999 xx 000 0 und d
100
_a
Cameron K. Andres & Other
245
_a
Priciples and Practices of Commercial Construction 6th ed.
260
_b
Prentice Hall Inc.
260
_c
2001
300
_a
530 P.,
999
_c
1897
_d
1897